书目信息 |
| 题名: |
日语会话闪电速成
|
|
| 作者: | 郭晓青 编著 | |
| 分册: | ||
| 出版信息: | 上海 华东理工大学出版社 2007.07 |
|
| 页数: | 240页 | |
| 开本: | 21cm | |
| 丛书名: | ||
| 单 册: | ||
| 中图分类: | H369.9 | |
| 科图分类: | ||
| 主题词: | 日语--ri yu--口语 | |
| 电子资源: | ||
| ISBN: | 978-7-5628-2034-5 | |
| 000 | 00974nam0 2200265 450 | |
| 001 | 012008118765 | |
| 005 | 20080901094914.59 | |
| 010 | @a978-7-5628-2034-5@dCNY20.00 (含光盘) | |
| 010 | @a978-7-88864-069-6@b光盘 | |
| 016 | @aCN-R32-07-0019-0@b光盘 | |
| 100 | @a20080901d2007 em y0chiy0120 ea | |
| 101 | 0 | @achi@ajpn |
| 102 | @aCN@b310000 | |
| 105 | @aa z 000yy | |
| 106 | @ar | |
| 200 | 1 | @a日语会话闪电速成@Ari yu hui hua shan dian su cheng@e说一口漂亮日语@f郭晓青编著@Fguo xiao qing bian zhu |
| 210 | @a上海@c华东理工大学出版社@d2007.07 | |
| 215 | @a240页@c图@d21cm@e光盘1片 | |
| 330 | @a书共分三篇,第一篇为发音练习,方便读者尽快掌握假名的读音。第二篇前半部为基本短文,为利于加强记忆及提高应用能力,本书特设以分类编排的方式。 | |
| 517 | 1 | @a说一口漂亮日语@Ashuo yi kou piao liang ri yu |
| 606 | 0 | @a日语@Ari yu@x口语 |
| 690 | @aH369.9@v4 | |
| 701 | 0 | @a郭晓青@Aguo xiao qing@4编著 |
| 801 | 0 | @aCN@bQSSK@c20080901 |
| 905 | @b733070-72@dH369.9@eG855@f3 | |
| 日语会话闪电速成:说一口漂亮日语/郭晓青编著.-上海:华东理工大学出版社,2007.07 |
| 240页:图;21cm+光盘1片 |
| ISBN 978-7-5628-2034-5:CNY20.00 (含光盘) |
| 书共分三篇,第一篇为发音练习,方便读者尽快掌握假名的读音。第二篇前半部为基本短文,为利于加强记忆及提高应用能力,本书特设以分类编排的方式。 |
| ● |
| 相关链接 |
|
|
|
正题名:日语会话闪电速成
索取号:H369.9/G855
 
预约/预借
| 序号 | 登录号 | 条形码 | 馆藏地/架位号 | 状态 | 备注 |
| 1 | 733070 | 207330707 | 语言库209/209语言库 133排2列1层/ [索取号:H369.9/G855] | 在馆 | |
| 2 | 733071 | 207330716 | 语言库209/209语言库 133排2列1层/ [索取号:H369.9/G855] | 在馆 | |
| 3 | 733072 | 207330725 | 语言库209/209语言库 133排2列1层/ [索取号:H369.9/G855] | 在馆 |